000 00507nam a2200181Ia 4500
003 LDD
008 181101s9999 xx 000 0 und d
020 _a9788175877689
_c163.00
040 _cLDD
100 _aRizvi, Sifarish Husain
245 0 _aUrdu marsia
_cSifarish Husain Rizvi
260 _aNew Delhi
_bMaktaba Jamia Ltd.
_c2012
300 _a376p.
901 _a15921
_b17-03-2017
902 _a2841
_b17-03-2017
_cF
_dPIBD
_e8U
903 _a20
_bReqst by : Moh. Akbar
942 _2ddc
_cUR
999 _c407
_d407